Statistics for World Capitals to Countries Quiz

Click here to take the quiz!

General Stats

  • This quiz has been taken 22 times
  • The average score is 145 of 196

Answer Stats

EuropeEurope% Correct
Andorra la VellaAndorra
100%
AthensGreece
100%
AmsterdamNetherlands
100%
TiranaAlbania
91%
YerevanArmenia
91%
BrusselsBelgium
91%
SarajevoBosnia & Herzegovina
91%
BerlinGermany
91%
BudapestHungary
91%
BucharestRomania
91%
BelgradeSerbia
91%
BratislavaSlovakia
91%
BernSwitzerland
91%
KabulAfghanistan
82%
AlgiersAlgeria
82%
LuandaAngola
82%
ViennaAustria
82%
MinskBelarus
82%
ZagrebCroatia
82%
PragueCzech Republic
82%
CopenhagenDenmark
82%
TallinnEstonia
82%
HelsinkiFinland
82%
ParisFrance
82%
ReykjavíkIceland
82%
DublinIreland
82%
RomeItaly
82%
PristinaKosovo
82%
RigaLatvia
82%
LuxembourgLuxembourg
82%
ChișinăuMoldova
82%
MonacoMonaco
82%
OsloNorway
82%
WarsawPoland
82%
LisbonPortugal
82%
MoscowRussia
82%
San MarinoSan Marino
82%
LjubljanaSlovenia
82%
MadridSpain
82%
StockholmSweden
82%
KyivUkraine
82%
LondonUnited Kingdom
82%
Vatican CityVatican City
82%
Saint John'sAntigua & Barbuda
73%
Buenos AiresArgentina
73%
CanberraAustralia
73%
BakuAzerbaijan
73%
NassauBahamas
73%
BridgetownBarbados
73%
BelmopanBelize
73%
ThimphuBhutan
73%
La Paz / SucreBolivia
73%
GaboroneBotswana
73%
BrasíliaBrazil
73%
Bandar Seri BegawanBrunei
73%
Phnom PenhCambodia
73%
OttawaCanada
73%
BanguiCentral African Republic
73%
N'DjamenaChad
73%
SantiagoChile
73%
BeijingChina
73%
BogotáColombia
73%
KinshasaCongo (Dem. Rep.)
73%
BrazzavilleCongo (Rep. of.)
73%
San JoséCosta Rica
73%
HavanaCuba
73%
NicosiaCyprus
73%
DjiboutiDjibouti
73%
RoseauDominica
73%
Santo DomingoDominican Republic
73%
DiliEast Timor
73%
QuitoEcuador
73%
CairoEgypt
73%
San SalvadorEl Salvador
73%
AsmaraEritrea
73%
Addis AbabaEthiopia
73%
LibrevilleGabon
73%
BanjulGambia
73%
TbilisiGeorgia
73%
AccraGhana
73%
Saint George'sGrenada
73%
Guatemala CityGuatemala
73%
ConakryGuinea
73%
BissauGuinea-Bissau
73%
GeorgetownGuyana
73%
Port-au-PrinceHaiti
73%
TegucigalpaHonduras
73%
New DelhiIndia
73%
JakartaIndonesia
73%
TehranIran
73%
BaghdadIraq
73%
JerusalemIsrael
73%
YamoussoukroIvory Coast
73%
KingstonJamaica
73%
TokyoJapan
73%
AmmanJordan
73%
AstanaKazakhstan
73%
NairobiKenya
73%
South TarawaKiribati
73%
Kuwait CityKuwait
73%
BishkekKyrgyzstan
73%
VientianeLaos
73%
BeirutLebanon
73%
MonroviaLiberia
73%
TripoliLibya
73%
VilniusLithuania
73%
AntananarivoMadagascar
73%
LilongweMalawi
73%
Kuala LumpurMalaysia
73%
MaléMaldives
73%
BamakoMali
73%
MajuroMarshall Islands
73%
NouakchottMauritania
73%
Port LouisMauritius
73%
Mexico CityMexico
73%
UlaanbaatarMongolia
73%
PodgoricaMontenegro
73%
MaputoMozambique
73%
NaypyidawMyanmar
73%
KathmanduNepal
73%
WellingtonNew Zealand
73%
ManaguaNicaragua
73%
NiameyNiger
73%
AbujaNigeria
73%
PyongyangNorth Korea
73%
MuscatOman
73%
IslamabadPakistan
73%
NgerulmudPalau
73%
Panama CityPanama
73%
AsunciónParaguay
73%
LimaPeru
73%
ManilaPhilippines
73%
DohaQatar
73%
ApiaSamoa
73%
São ToméSão Tomé & Principe
73%
RiyadhSaudi Arabia
73%
DakarSenegal
73%
VictoriaSeychelles
73%
SingaporeSingapore
73%
HoniaraSolomon Islands
73%
MogadishuSomalia
73%
Pretoria / Cape Town / BloemfonteinSouth Africa
73%
SeoulSouth Korea
73%
JubaSouth Sudan
73%
Sri Jayawardenepura KotteSri Lanka
73%
BasseterreSt. Kitts & Nevis
73%
CastriesSt. Lucia
73%
KingstownSt. Vincent & the Grenadines
73%
KhartoumSudan
73%
DamascusSyria
73%
TaipeiTaiwan
73%
DushanbeTajikistan
73%
DodomaTanzania
73%
BangkokThailand
73%
LoméTogo
73%
NukuʻalofaTonga
73%
Port-of-SpainTrinidad & Tobago
73%
TunisTunisia
73%
AnkaraTurkey
73%
AshgabatTurkmenistan
73%
FunafutiTuvalu
73%
KampalaUganda
73%
Abu DhabiUnited Arab Emirates
73%
Washington D.C.United States
73%
MontevideoUruguay
73%
TashkentUzbekistan
73%
CaracasVenezuela
73%
HanoiVietnam
73%
Sana'aYemen
73%
HarareZimbabwe
73%
ManamaBahrain
64%
DhakaBangladesh
64%
Porto-Novo / CotonouBenin
64%
SofiaBulgaria
64%
OuagadougouBurkina Faso
64%
GitegaBurundi
64%
YaoundéCameroon
64%
PraiaCape Verde
64%
MoroniComoros
64%
MalaboEquatorial Guinea
64%
MbabaneEswatini
64%
SuvaFiji
64%
MaseruLesotho
64%
VaduzLiechtenstein
64%
VallettaMalta
64%
RabatMorocco
64%
WindhoekNamibia
64%
SkopjeNorth Macedonia
64%
Port MoresbyPapua New Guinea
64%
KigaliRwanda
64%
FreetownSierra Leone
64%
ParamariboSuriname
64%
Port VilaVanuatu
64%
LusakaZambia
64%
PalikirMicronesia (Fed. States)
55%
YarenNauru
55%

Score Distribution

Percentile by Number Answered

Percent of People with Each Score

Your Score History

You have not taken this quiz